<?xml version="1.0" encoding="UTF-8"?>
<record
    xmlns:xsi="http://www.w3.org/2001/XMLSchema-instance"
    xsi:schemaLocation="http://www.loc.gov/MARC21/slim http://www.loc.gov/standards/marcxml/schema/MARC21slim.xsd"
    xmlns="http://www.loc.gov/MARC21/slim">

  <leader>01273nam a2200325 a 4500</leader>
  <controlfield tag="001">991032524919706706</controlfield>
  <controlfield tag="003">ES-BaIT</controlfield>
  <controlfield tag="005">20260511145008.0</controlfield>
  <controlfield tag="008">901227s1988    spca   ||     000 ||cat  </controlfield>
  <datafield tag="015" ind1=" " ind2=" ">
    <subfield code="a">LL1990</subfield>
    <subfield code="2">bnc</subfield>
  </datafield>
  <datafield tag="017" ind1=" " ind2=" ">
    <subfield code="a">DL B. 44716-1988</subfield>
    <subfield code="b">Biblioteca de Catalunya</subfield>
  </datafield>
  <datafield tag="035" ind1=" " ind2=" ">
    <subfield code="a">(ES-BaCBU).b18574841</subfield>
  </datafield>
  <datafield tag="040" ind1=" " ind2=" ">
    <subfield code="a">ES-BaBC</subfield>
    <subfield code="b">cat</subfield>
    <subfield code="c">ES-BaBC</subfield>
  </datafield>
  <datafield tag="043" ind1=" " ind2=" ">
    <subfield code="a">e-sp---</subfield>
    <subfield code="b">e-spcan</subfield>
    <subfield code="2">catmarc</subfield>
  </datafield>
  <datafield tag="080" ind1=" " ind2=" ">
    <subfield code="a">792-053.2(467.1 An Igualada)</subfield>
  </datafield>
  <datafield tag="080" ind1=" " ind2=" ">
    <subfield code="a">79.09:792.077(460.23)</subfield>
  </datafield>
  <datafield tag="100" ind1="1" ind2=" ">
    <subfield code="a">Dalmau i Ribalta, Jordi</subfield>
    <subfield code="9">169470</subfield>
  </datafield>
  <datafield tag="245" ind1="1" ind2="0">
    <subfield code="a">10 anys de Rialles a Igualada /</subfield>
    <subfield code="c">[Jordi Dalmau i Ribalta]</subfield>
  </datafield>
  <datafield tag="260" ind1=" " ind2=" ">
    <subfield code="a">[Igualada] :</subfield>
    <subfield code="b">Grup Rialles d'Igualada de la Delegaci&#xF3; d'&#xD2;mnium Cultural, Moviment Rialles de Catalunya,</subfield>
    <subfield code="c">DL 1988</subfield>
  </datafield>
  <datafield tag="300" ind1=" " ind2=" ">
    <subfield code="a">115 p. :</subfield>
    <subfield code="b">il. ;</subfield>
    <subfield code="c">25 cm</subfield>
  </datafield>
  <datafield tag="500" ind1=" " ind2=" ">
    <subfield code="a">Recull els anys de 1978 a 1987</subfield>
  </datafield>
  <datafield tag="610" ind1="2" ind2="4">
    <subfield code="a">Moviment Rialles de Catalunya.</subfield>
    <subfield code="b">Grup Rialles d'Igualada</subfield>
    <subfield code="9">169471</subfield>
  </datafield>
  <datafield tag="650" ind1=" " ind2="7">
    <subfield code="a">Animaci&#xF3; sociocultural</subfield>
    <subfield code="z">Catalunya</subfield>
    <subfield code="z">Igualada</subfield>
    <subfield code="2">lemac</subfield>
    <subfield code="9">169472</subfield>
  </datafield>
  <datafield tag="650" ind1=" " ind2="7">
    <subfield code="a">Teatre infantil</subfield>
    <subfield code="z">Catalunya </subfield>
    <subfield code="z">Igualada</subfield>
    <subfield code="2">lemac</subfield>
    <subfield code="9">169473</subfield>
  </datafield>
  <datafield tag="650" ind1=" " ind2="7">
    <subfield code="a">Teatre infantil</subfield>
    <subfield code="z">Catalunya</subfield>
    <subfield code="z">Igualada</subfield>
    <subfield code="x">Societats, etc.</subfield>
    <subfield code="2">lemac</subfield>
    <subfield code="9">169474</subfield>
  </datafield>
  <datafield tag="710" ind1="2" ind2=" ">
    <subfield code="a">Moviment Rialles de Catalunya.</subfield>
    <subfield code="b">Grup Rialles d'Igualada</subfield>
    <subfield code="9">169471</subfield>
  </datafield>
  <datafield tag="908" ind1=" " ind2=" ">
    <subfield code="a">BC</subfield>
    <subfield code="a">CDMAE</subfield>
  </datafield>
  <datafield tag="940" ind1=" " ind2=" ">
    <subfield code="a">BC</subfield>
  </datafield>
  <datafield tag="942" ind1=" " ind2=" ">
    <subfield code="2">udc</subfield>
    <subfield code="c">1</subfield>
  </datafield>
  <datafield tag="952" ind1=" " ind2=" ">
    <subfield code="0">0</subfield>
    <subfield code="1">0</subfield>
    <subfield code="2">udc</subfield>
    <subfield code="4">0</subfield>
    <subfield code="7">1</subfield>
    <subfield code="a">10000</subfield>
    <subfield code="b">10000</subfield>
    <subfield code="c">10073</subfield>
    <subfield code="d">2026-05-11</subfield>
    <subfield code="e">2</subfield>
    <subfield code="l">0</subfield>
    <subfield code="o">D 10-08</subfield>
    <subfield code="p">d1008</subfield>
    <subfield code="r">2026-05-11 14:51:08</subfield>
    <subfield code="w">2026-05-11</subfield>
    <subfield code="y">1</subfield>
  </datafield>
  <datafield tag="999" ind1=" " ind2=" ">
    <subfield code="c">137440</subfield>
    <subfield code="d">137440</subfield>
  </datafield>
</record>
